000 00653nam a2200217Ia 4500
005 20250508165236.0
008 008 250505s9999 xx 000 0 eng d
020 _a978-0-415-54392-7
037 _aTextBook
040 _aFEDL
_beng
_cFEDL
041 _aeng
_2eng
084 _a370.152, WIN/R
_qFEDL
100 _aWinch Christopher
_9616892
245 0 _aEducation, autonomy and critical thinking
260 _aLondon, UK
_bRoutledge
_c2006
300 _axii, 201p.
365 _aGBP
_b28
490 _aRoutledge International Studies in the Philosophy of Education
942 _cTB
_h370.152, WIN/R
999 _c1394011
_d1394011